000 00644cam a22002531 4500
001 sa 68018329
003 DLC
005 20260227112710.0
008 940602s1966 ce a b 000 0 sino
010 _asa 68018329
025 _aPL480:C-510
035 _a(OCoLC)30538366
040 _aDLC
_cCU
_dCU
_dDLC
042 _apremarc
050 0 0 _aQH309
_b.D63
100 1 _aDodampegama, Benedict.
245 1 0 _aJīvana sandarśanaya.
260 _c[1966]
300 _aviii, [i], 106 p.
_bill.
_c19 cm.
500 _aIn Sinhalese.
500 _aPreviously published in Silumina.
504 _aBibliography: p. [ix]
650 0 _aBiology.
999 _c88331
_d88331